Social Networks and Knowledge Spillovers : (Record no. 611189)

MARC details
000 -LEADER
fixed length control field 00562nam a2200193 a 4500
008 - FIXED-LENGTH DATA ELEMENTS--GENERAL INFORMATION
fixed length control field 260207s2007##################000#0#eng##
020 ## - INTERNATIONAL STANDARD BOOK NUMBER
ISBN 9783631556313
082 04 - DEWEY DECIMAL CLASSIFICATION NUMBER
Classification number 306.42
Item number HUB
100 1# - MAIN ENTRY--AUTHOR NAME
Personal name Huber, Franz,
245 10 - TITLE STATEMENT
Title Social Networks and Knowledge Spillovers :
260 ## - PUBLICATION, DISTRIBUTION, ETC. (IMPRINT)
Name of publisher Peter Lang Gmbh, Internationaler Verlag Der Wissenschaften,
Year of publication 2007.
300 ## - PHYSICAL DESCRIPTION
Number of Pages 172 pages
650 #0 - SUBJECT ADDED ENTRY--TOPICAL TERM
Topical Term Business & Economics.
942 ## - ADDED ENTRY ELEMENTS (KOHA)
Koha item type English Books
Holdings
Withdrawn status Lost status Damaged status Not for loan Home library Current library Shelving location Date acquired Full call number Accession Number Price effective from Koha item type
        Anna Centenary Library Anna Centenary Library 3RD FLOOR, B WING 07.02.2026 306.42 HUB 216461 07.02.2026 English Books

Find us on the map